Transferts de footballeurs les plus chers par saison - Statistiques

Statistiques générales
  • Ce quiz a été pris 381 fois
    167 depuis la dernière actualisation
  • Le résultat moyen est 21 sur 26
Statistiques - réponses
Saison Montant de transfert (M €) Nationalité Venant de Allant à Joueur % Correct
2018-2019 180,00 France AS Monaco Paris SG Kylian Mbappé
98%
2017-2018 222,00 Brésil Barcelone Paris SG Neymar
98%
2009-2010 94,00 Portugal Manchester United Real Madrid Cristiano Ronaldo
97%
2013-2014 101,00 Pays de Galles Tottenham Real Madrid Gareth Bale
94%
2001-2002 77,50 France Juventus Turin Real Madrid Zinédine Zidane
93%
2000-2001 60,00 Portugal Barcelone Real Madrid Luís Figo
92%
2015-2016 76,00 Belgique VfL Wolfsburg Manchester City Kevin De Bruyne
91%
2014-2015 81,72 Uruguay Liverpool Barcelone Luis Suárez
91%
2004-2005 38,50 Côte d'Ivoire Marseille Chelsea Didier Drogba
90%
2019-2020 127,20 Portugal Benfica Atlético Madrid João Félix
90%
2016-2017 105,00 France Juventus Turin Manchester United Paul Pogba
90%
2023-2024 116,60 Angleterre West Ham United Arsenal Declan Rice
87%
2021-2022 117,50 Angleterre Aston Villa Manchester City Jack Grealish
87%
2022-2023 121,00 Argentine Benfica Chelsea Enzo Fernández
86%
2007-2008 38,00 Espagne Atlètico Madrid Liverpool Fernando Torres
83%
2010-2011 58,50 Espagne Liverpool Chelsea Fernando Torres
83%
2012-2013 42,00 Brésil AC MIlan Paris SG Thiago Silva
83%
2006-2007 43,88 Ukraine AC Milan Chelsea Andriy Shevchenko
82%
2011-2012 42,00 Argentine Palermo Paris SG Javier Pastore
81%
2003-2004 37,50 Angleterre Manchester Utd Real Madrid David Beckham
80%
2005-2006 38,00 Ghana Olympique Lyonnais Chelsea Michael Essien
73%
2020-2021 80,60 Brésil Barcelone Juventus Turin Arthur Melo
72%
2024-2025 77,00 Colombie Aston Villa Al-Nassr Jhon Durán
69%
2008-2009 43,00 Brésil Real Madrid Manchester City Robinho
55%
2002-2003 46,00 Angleterre Leeds United Manchester Utd Rio Ferdinand
51%
1999-2000 46,48 Italie Lazio Rome Inter Christian Vieri
19%
Aucun quiz correspondant
Distribution des résultats
% des personnes avec chaque résultat
Percentile par nombre de réponses
Votre historique - résultats
Vous n’avez pas pris ce quiz depuis la dernière actualisation